000
00303nam a22001337a 4500
008
181107b xxu||||| |||| 00| 0 eng d
020
_a
0803990502
041
_a
eng
080
_a
159.9
100
_a
49
101
_a
PSI
245
_a
Critical Thinking for Social Workers
_c
Gibbs, L
942
_2
udc
_c
BK
999
_c
52145
_d
52145